[Event "Ch Belgium (team) 2011/12"]
[Site "masterchessopen.com Belgium"]
[Date "2011.10.23"]
[Round "2"]
[White "Michiels Bart (BEL)"]
[Black "Ikonnikov Vyacheslav (RUS)"]
[Result "1/2-1/2"]
[WhiteElo "2501"]
[BlackElo "2550"]

1.d4 Nf6 2.c4 e6 3.Nc3 Bb4 4.Qc2 d6 5.a3 Bxc3+ 6.Qxc3 O-O 7.Nf3 Nbd7 8.g3 b6
9.Bg2 Bb7 10.O-O c5 11.dxc5 Nxc5 12.b4 Nce4 13.Qb3 Rc8 14.Bb2 Qc7 15.Rac1 Ba6
16.Bxf6 Nxf6 17.Nd2 Bb7 18.Bxb7 Qxb7 19.Rfd1 Rfd8 20.Nf1 h5 21.Ne3 h4 22.Rd4
hxg3 23.hxg3 d5 24.Qb1 dxc4 25.Rcxc4 Rxd4 26.Rxd4 e5 27.Rc4 Rxc4 28.Nxc4 Qd5
29.Ne3 Qd6 30.Qc2 g6 31.Ng4 Nxg4 32.Qc8+ Kg7 33.Qxg4 Qd4 34.Qf3 a5 35.bxa5
bxa5 36.Kg2 e4 37.Qf4 a4 38.Qc1 Qd5 39.Qc3+ Kh7 40.e3 Qb3 41.Qc5 {#d} 1/2-1/2

[Event "It (open)"]
[Site "masterchessopen.com Le Touquet (France)"]
[Date "2011.10.27"]
[Round "8"]
[White "Lazarev Vladimir (FRA)"]
[Black "Romanov Evgeny (RUS)"]
[Result "1/2-1/2"]
[WhiteElo "2431"]
[BlackElo "2639"]

1.d4 Nf6 2.c4 e6 3.Nc3 Bb4 4.Qc2 d6 5.a3 Bxc3+ 6.Qxc3 b6 7.f3 c5 8.dxc5 dxc5
9.Bg5 Nc6 10.e3 Qe7 11.O-O-O Bb7 12.Nh3 Rd8 13.Be2 h6 14.Bh4 Rxd1+ 15.Rxd1 O-O
16.Bxf6 Qxf6 17.Qxf6 gxf6 18.Rd7 Ba6 19.b3 Rd8 20.Rxd8+ Nxd8 {#d} 1/2-1/2

[Event "Ch World (juniors) (under 18)"]
[Site "masterchessopen.com Caldas Novas (Brazil)"]
[Date "2011.11.24"]
[Round "7"]
[White "Debashish Das (IND)"]
[Black "Espinoza Palomino Willyam (PER)"]
[Result "1-0"]
[WhiteElo "2369"]
[BlackElo "2273"]

1.d4 Nf6 2.c4 e6 3.Nc3 Bb4 4.Qc2 d6 5.a3 Bxc3+ 6.Qxc3 O-O 7.Bg5 Nbd7 8.e3 b6
9.Ne2 c5 10.dxc5 bxc5 11.Qc2 Bb7 12.Nc3 Qe7 13.Rd1 h6 14.Bh4 Rfd8 15.f3 Ne5
16.Be2 d5 17.cxd5 exd5 18.Bf2 Rd7 19.O-O Rad8 20.Na4 Rc8 21.Qf5 Qe6 22.Qxe6
fxe6 23.Bg3 Nf7 24.Rc1 c4 25.b3 cxb3 26.Rxc8+ Bxc8 27.Nc5 Rd8 28.Rb1 e5
29.Rxb3 Bf5 30.Ba6 Bc8 31.Bd3 Nd7 32.Nxd7 Bxd7 33.Rb7 Bc6 34.Rxa7 Ra8 35.Rxa8+
Bxa8 36.Kf2 Kf8 37.Ke2 Ke7 38.Kd2 Ke6 39.Kc3 Nd6 40.a4 Nf5 41.Bf2 Nd6 42.Be2
g5 43.h3 h5 44.Kb4 e4 45.a5 h4 46.a6 Ke5 47.Bg1 Nc4 48.Kc5 Kf5 49.fxe4+ Kxe4
50.Bf3+ Ke5 51.Bh2+ Ke6 52.Bg4+ {#r} 1-0

[Event "It (open)"]
[Site "masterchessopen.com Montevideo (Uruguay)"]
[Date "2012.02.10"]
[Round "2"]
[White "Lopez Azambuja Nicolas"]
[Black "Carbone Diego"]
[Result "1-0"]
[WhiteElo "2202"]
[BlackElo "2039"]

1.d4 Nf6 2.c4 e6 3.Nc3 Bb4 4.Qc2 d6 5.Bd2 Nbd7 6.a3 Bxc3 7.Bxc3 O-O 8.Nf3 b6
9.e3 Bb7 10.Bd3 c5 11.O-O Rc8 12.Rfd1 h6 13.Be2 cxd4 14.Rxd4 Qc7 15.Qd1 Ne4
16.Bb4 Ndc5 17.Qc2 e5 18.Rdd1 f5 19.Nd2 Rf6 20.f3 a5 21.fxe4 axb4 22.exf5 b3
23.Nxb3 Be4 24.Qc3 Rxf5 25.Nd2 Rcf8 26.Rf1 Bc6 27.b4 Ne4 28.Qc2 Rxf1+ 29.Rxf1
Rxf1+ 30.Bxf1 Nf6 31.Be2 Qd7 32.Qd3 Qe6 33.h3 Kf8 34.Qg6 Be8 35.Qc2 Bc6 36.Bf3
e4 37.Be2 Qe5 38.Nb3 Qg3 39.Qd2 Bd7 40.Kh1 Nh7 41.c5 bxc5 42.bxc5 Bxh3
43.Qxd6+ Qxd6 44.cxd6 Bf5 45.Nd4 Bd7 46.Kh2 Nf6 47.Kg3 g5 48.Bc4 Ne8 49.Be6
Nf6 50.Bxd7 Nxd7 51.Kg4 Ne5+ 52.Kf5 Nc4 53.Ke6 {#r} 1-0

[Event "It \"]
[Site "masterchessopen.com Neustadt a.d. Weinstrasse (Germany)"]
[Date "2012.02.17"]
[Round "1"]
[White "Koch Markus"]
[Black "Dgebuadze Alexandre (BEL)"]
[Result "0-1"]
[WhiteElo "2104"]
[BlackElo "2551"]

1.d4 Nf6 2.c4 e6 3.Nc3 Bb4 4.Qc2 d6 5.Nf3 Nbd7 6.a3 Bxc3+ 7.Qxc3 b6 8.b4 Bb7
9.Bb2 a5 10.e3 Ne4 11.Qc2 axb4 12.axb4 Rxa1+ 13.Bxa1 Ng5 14.Nd2 Qa8 15.Bb2 Ne4
16.f3 Nxd2 17.Qxd2 O-O 18.Bd3 Qa4 19.O-O Ra8 20.Qc3 Nf6 21.e4 Qc6 22.Ra1 Rxa1+
23.Bxa1 Qa4 24.Bc2 Qa2 25.g4 h6 26.Bb2 Qa8 27.Kf2 Nd7 28.Kg3 Nf8 29.h4 Qd8
30.f4 Ng6 31.g5 hxg5 32.fxg5 e5 33.Qd2 Qe7 34.dxe5 Nxe5 35.Qe2 Qe6 36.Bxe5
Qxe5+ 37.Kf3 Qc3+ 38.Qd3 Qxb4 {#R} 0-1

[Event "Tournament (open)"]
[Site "masterchessopen.com Natal (Brazil)"]
[Date "2012.02.20"]
[Round "6"]
[White "Pinto Carlos Henrique Lopes (BRA)"]
[Black "Barreto Filho Carlos Alberto (BRA)"]
[Result "0-1"]
[WhiteElo "2124"]
[BlackElo "2300"]

1.d4 Nf6 2.c4 e6 3.Nc3 Bb4 4.Qc2 d6 5.a3 Bxc3+ 6.Qxc3 O-O 7.f3 c5 8.dxc5 dxc5
9.Bg5 Nbd7 10.e4 Nxe4 11.Bxd8 Nxc3 12.Ba5 Na4 13.b3 Nab6 14.f4 e5 15.O-O-O
exf4 16.Nh3 Nf6 17.Nxf4 Bg4 18.Re1 Rfe8 19.Bd3 Nh5 20.Nxh5 Bxh5 21.Be4 Reb8
22.Bd2 f6 23.Bf4 Nd7 24.Bxb8 Rxb8 25.Bd5+ Kf8 26.Rhf1 Bf7 27.Be6 Bxe6 28.Rxe6
Kf7 29.Re3 Rc8 30.Kc2 Rc7 31.Kc3 a5 32.Rf4 Nb8 33.Rf5 Nd7 34.h3 g6 35.Rf4 h5
36.g4 hxg4 37.hxg4 g5 38.Rf5 Rc6 39.Rf1 Rd6 40.Re4 b6 41.Rf5 Kg6 42.Rd5 Rxd5
43.cxd5 Ne5 44.b4 axb4+ 45.axb4 Kf7 46.bxc5 bxc5 47.Ra4 Ke7 48.Ra6 Nxg4 49.Kc4
f5 50.Kxc5 Kf7 51.Re6 f4 52.Re1 Nf6 53.d6 f3 54.Re3 g4 55.Kc6 f2 {#R} 0-1

[Event "It (open) (b)"]
[Site "masterchessopen.com Zagreb (Croatia)"]
[Date "2012.03.09"]
[Round "5"]
[White "Vujec Ivan (CRO)"]
[Black "Vukovic Ivo (CRO)"]
[Result "0-1"]
[WhiteElo "2106"]
[BlackElo "2238"]

1.d4 Nf6 2.c4 e6 3.Nc3 Bb4 4.Qc2 d6 5.e4 Bxc3+ 6.bxc3 Qe7 7.Bd3 e5 8.Ne2 c5
9.O-O Nc6 10.Ba3 O-O 11.f4 b6 12.fxe5 dxe5 13.d5 Na5 14.Ng3 Ne8 15.Bc1 Nd6
16.Qe2 Qh4 17.Nf5 Bxf5 18.exf5 e4 19.Bc2 Qf6 20.Bf4 Naxc4 21.g4 Qxc3 22.Kh1
Rfe8 23.f6 b5 24.g5 Rad8 25.Bb3 Qd3 26.Qg2 Qxd5 27.fxg7 Nf5 28.a4 a6 29.axb5
axb5 30.Rad1 Nd4 31.Be3 Nxe3 32.Bxd5 Nxg2 33.Bxf7+ Kxg7 34.Bxe8 Ne3 35.Rfe1
Nxd1 {#R} 0-1

[Event "Ch Finland (team) 2011/12"]
[Site "masterchessopen.com Finland"]
[Date "2012.03.11"]
[Round "11"]
[White "Kulaots Kaido (EST)"]
[Black "Yemelin Vasily (RUS)"]
[Result "1-0"]
[WhiteElo "2581"]
[BlackElo "2559"]

1.d4 Nf6 2.c4 e6 3.Nc3 Bb4 4.Qc2 d6 5.e3 O-O 6.Bd3 b6 7.Ne2 Bb7 8.O-O c5 9.Ne4
Nxe4 10.Bxe4 Bxe4 11.Qxe4 d5 12.cxd5 exd5 13.Qf3 cxd4 14.Nxd4 Qd7 15.Rd1 Rd8
16.Bd2 Bxd2 17.Rxd2 Nc6 18.Nxc6 Qxc6 19.Rad1 Rac8 20.g3 g6 21.Rxd5 Rxd5
22.Qxd5 Qxd5 23.Rxd5 Rc2 24.Rb5 h5 25.Kg2 Kf8 26.Kf3 Ke7 27.e4 Kd6 28.Ke3 Ke6
29.h3 Kf6 30.Rb3 Ke6 31.h4 Kf6 32.f3 Ke6 33.Kf4 Kf6 34.Rb4 Ke6 35.Rb5 Kf6
36.Rb3 Ke6 37.Ke3 Rg2 38.Kf4 Rd2 39.Ra3 Rxb2 40.Rxa7 Kf6 41.a4 Rb3 42.e5+ Ke6
43.Rc7 Rb4+ 44.Kg5 Rxa4 45.Rc6+ Kxe5 46.Rxb6 Ra1 47.Rb5+ Ke6 48.Rb4 Ke5 49.Kh6
Rf1 50.Rb3 Kf6 51.Ra3 Ke6 {#r} 1-0

[Event "It (cat.8)"]
[Site "masterchessopen.com Calvi (France)"]
[Date "2012.04.03"]
[Round "3"]
[White "Flear Glenn C (ENG)"]
[Black "Arnold Marc T (USA)"]
[Result "1/2-1/2"]
[WhiteElo "2470"]
[BlackElo "2482"]

1.d4 Nf6 2.c4 e6 3.Nc3 Bb4 4.Qc2 d6 5.Bg5 O-O 6.e3 Nbd7 7.Bd3 h6 8.Bh4 b6
9.Ne2 Bb7 10.O-O Bxc3 11.Nxc3 c5 12.dxc5 Nxc5 13.Be2 g5 14.Bg3 Nce4 15.Nxe4
Nxe4 16.Rfd1 Nxg3 17.hxg3 Qe7 18.Qa4 Rfd8 19.Rd2 d5 20.Bf3 dxc4 21.Rxd8+ Rxd8
22.Qxa7 Rd7 23.Bxb7 Rxb7 24.Qa6 b5 25.Rd1 Kg7 26.Rd4 Qc7 27.a3 Rb8 28.Qd6 Qxd6
29.Rxd6 Rc8 30.Rb6 c3 31.bxc3 Rxc3 32.Rxb5 Rxa3 33.g4 Kg6 34.g3 h5 35.gxh5+
Kxh5 36.Kg2 Kg6 37.Rc5 Ra2 38.Rb5 Ra3 39.Rc5 Ra2 40.Rb5 Ra3 {#d} 1/2-1/2

[Event "It (cat.8)"]
[Site "masterchessopen.com Calvi (France)"]
[Date "2012.04.07"]
[Round "9"]
[White "Terrieux Kevin (FRA)"]
[Black "Arnold Marc T (USA)"]
[Result "0-1"]
[WhiteElo "2395"]
[BlackElo "2482"]

1.d4 Nf6 2.c4 e6 3.Nc3 Bb4 4.Qc2 d6 5.e4 c5 6.a3 Bxc3+ 7.bxc3 Nc6 8.Nf3 e5
9.d5 Ne7 10.Be2 O-O 11.O-O Ng6 12.Ne1 Ne8 13.Bd3 Bd7 14.g3 Qc8 15.Ng2 Bh3
16.f3 f5 17.exf5 Bxf5 18.f4 Bxd3 19.Qxd3 Nf6 20.fxe5 Nxe5 21.Qe2 Qg4 22.Qxg4
Nfxg4 23.Bf4 Nxc4 24.h3 Nf6 25.Rfd1 Rae8 26.a4 Ne4 {#R} 0-1

[Event "It (open)"]
[Site "masterchessopen.com Triesen (Liechtenstein)"]
[Date "2012.05.15"]
[Round "5"]
[White "Colovic Aleksandar (MKD)"]
[Black "Dgebuadze Alexandre (BEL)"]
[Result "1/2-1/2"]
[WhiteElo "2436"]
[BlackElo "2548"]

1.d4 Nf6 2.c4 e6 3.Nc3 Bb4 4.Qc2 d6 5.e3 Bxc3+ 6.Qxc3 b6 7.Bd3 Bb7 8.f3 Nh5
9.Bc2 Nc6 10.Nh3 Qh4+ 11.Nf2 {#d} 1/2-1/2

[Event "Ch Belgium (experts)"]
[Site "masterchessopen.com Lommel (Belgium)"]
[Date "2012.07.04"]
[Round "5"]
[White "Sarrau Jelle (BEL)"]
[Black "Dgebuadze Alexandre (BEL)"]
[Result "1/2-1/2"]
[WhiteElo "2306"]
[BlackElo "2563"]

1.d4 Nf6 2.c4 e6 3.Nc3 Bb4 4.Qc2 d6 5.Nf3 Nbd7 6.Bd2 a5 7.a3 Bxc3 8.Bxc3 b6
9.e4 Bb7 10.Bd3 c5 11.d5 e5 12.g3 Ng8 13.Nh4 Ne7 14.O-O-O {#d} 1/2-1/2

[Event "Match \"]
[Site "masterchessopen.com St. Petersburg (Russia)"]
[Date "2012.07.07"]
[Round "2"]
[White "Li Chao_ (CHN)"]
[Black "Vitiugov Nikita (RUS)"]
[Result "0-1"]
[WhiteElo "2320"]
[BlackElo "2703"]

1.d4 Nf6 2.c4 e6 3.Nc3 Bb4 4.Qc2 d6 5.e4 Nbd7 6.Bd3 e5 7.Ne2 O-O 8.O-O c6 9.a3
Ba5 10.Kh1 Bb6 11.Bg5 exd4 12.Na4 h6 13.Bh4 Ne5 14.Nxb6 axb6 15.Nxd4 Ng6
16.Bg3 Nh5 17.Rad1 Nxg3+ 18.hxg3 h5 19.Be2 Ra5 20.Qd2 h4 21.g4 Re8 22.Nf5 Rxe4
23.Nxd6 Re6 24.g5 Rae5 25.Bf3 Re7 26.Qb4 Qc7 27.Bh5 c5 28.Qd2 h3 29.g3 Rd7
30.Bf3 Qd8 31.Kh2 Re6 32.Nxf7 Kxf7 33.Bd5 Rxd5 34.cxd5 Re4 35.Qd3 Bf5 36.d6
Ne5 37.Qd5+ Kg6 38.Qxb7 Ng4+ 39.Kh1 Re2 40.f3 Qe8 {#R} 0-1

[Event "Ch Central Serbia (open)"]
[Site "masterchessopen.com Paracin (Serbia)"]
[Date "2012.07.13"]
[Round "9"]
[White "Kholopov Alexander A (RUS)"]
[Black "Bogdanovski Vlatko (MKD)"]
[Result "0-1"]
[WhiteElo "2289"]
[BlackElo "2454"]

1.d4 Nf6 2.c4 e6 3.Nc3 Bb4 4.Qc2 d6 5.Bg5 Nbd7 6.e3 O-O 7.Bd3 h6 8.Bh4 e5
9.Ne2 exd4 10.exd4 d5 11.c5 Bxc3+ 12.Qxc3 Re8 13.O-O Nf8 14.f3 Ne6 15.b4 c6
16.a4 Ng5 17.Nf4 Nd7 18.Kh1 Nf8 19.Rae1 Rxe1 20.Qxe1 Bd7 21.Bg3 g6 22.h3 Qf6
23.Ne2 Re8 24.Be5 Qe7 25.Kh2 Nfe6 26.b5 Nxc5 27.Bc2 Nce6 28.Qa5 cxb5 29.axb5
b6 30.Qa2 Qb4 31.Rd1 Qxb5 32.Bd3 {#R} 0-1

[Event "Cup Russia (open)"]
[Site "masterchessopen.com Izhevsk (Russia)"]
[Date "2012.07.23"]
[Round "8"]
[White "Lysyj Igor (RUS)"]
[Black "Balashov Yuri S (RUS)"]
[Result "1-0"]
[WhiteElo "2632"]
[BlackElo "2446"]

1.d4 Nf6 2.c4 e6 3.Nc3 Bb4 4.Qc2 d6 5.e3 O-O 6.Bd3 c5 7.Ne2 Nc6 8.O-O Qe7 9.a3
Ba5 10.b3 Bb6 11.dxc5 dxc5 12.f4 Bd7 13.Bb2 Rad8 14.Ng3 Ng4 15.Rae1 f5 16.h3
Nf6 17.Qb1 Qf7 18.Na4 Bc8 19.Nxb6 axb6 20.Rd1 h6 21.Ne2 Bd7 22.b4 Ne7 23.b5
Ng6 24.Qc2 Bc8 25.Ng3 Rfe8 26.Be2 Qe7 27.Rxd8 Rxd8 28.Rd1 Rxd1+ 29.Bxd1 Nh8
30.Bf3 Nf7 31.e4 e5 32.Nxf5 Bxf5 33.exf5 exf4 34.Qe2 Kf8 35.Bc1 Qd6 36.Bxb7
Qd4+ 37.Qf2 Qd1+ 38.Qf1 Qd4+ 39.Kh2 Nh5 40.Bd5 Ne5 41.Qe1 f3 42.Be3 Qb2 43.Qf2
Qxa3 44.Qh4 Ng4+ 45.hxg4 Qxe3 46.Qxh5 Qe5+ 47.Kh3 Qxd5 48.cxd5 f2 49.Qg6 f1=Q
50.Qd6+ Kf7 51.Qe6+ Kf8 52.Qd6+ Kf7 53.Qe6+ Kf8 54.d6 {#r} 1-0

[Event "It (open)"]
[Site "masterchessopen.com Pardubice (Czech Republic)"]
[Date "2012.07.28"]
[Round "9"]
[White "Zilka Stepan (CZE)"]
[Black "Akesson Ralf (SWE)"]
[Result "1/2-1/2"]
[WhiteElo "2517"]
[BlackElo "2448"]

1.d4 Nf6 2.c4 e6 3.Nc3 Bb4 4.Qc2 d6 5.a3 Bxc3+ 6.Qxc3 Nbd7 7.Nf3 b6 8.Bg5 h6
9.Bh4 Bb7 10.Nd2 a5 11.b3 c5 12.e4 e5 13.d5 Nxd5 14.Qg3 g5 15.Bxg5 Qxg5
16.cxd5 Nf6 17.Qxg5 hxg5 18.f3 Kd7 19.Nc4 Kc7 20.Ne3 Bc8 21.Bb5 Ng8 22.O-O Ne7
23.Rf2 f5 24.g4 f4 25.Nc4 Ba6 26.Bxa6 Rxa6 {#d} 1/2-1/2

[Event "It (open)"]
[Site "masterchessopen.com Velika Gorica (Croatia)"]
[Date "2012.08.23"]
[Round "4"]
[White "Cvitkovic Filip (CRO)"]
[Black "Frank Vladimir (CRO)"]
[Result "0-1"]
[WhiteElo "1900"]
[BlackElo "2119"]

1.d4 Nf6 2.c4 e6 3.Nc3 Bb4 4.Qc2 d6 5.a3 Bxc3+ 6.Qxc3 Nbd7 7.g3 Qe7 8.Bg2 e5
9.e3 exd4 10.Qxd4 Nc5 11.Qd1 a5 12.Ne2 Bf5 13.O-O Bd3 14.Bxb7 Ra7 15.Bc6+ Kf8
16.Re1 Bxc4 17.Nd4 Ra6 18.Bg2 h5 19.b3 Be6 20.Bb2 Rb6 21.b4 Ncd7 22.Nc6 Qe8
23.Bxf6 Nxf6 24.Nxa5 h4 25.Qd4 hxg3 26.fxg3 Qb5 27.Rac1 Ne8 28.Bc6 Qh5 29.Qh4
Qxh4 30.gxh4 Rxh4 31.Bxe8 Kxe8 32.Rxc7 Rb5 33.Re2 Rd5 34.Rc1 Rd3 35.b5 Rxa3
36.b6 Rxa5 37.b7 Rg5+ 38.Kf1 Rb5 39.Rc8+ Ke7 40.b8=Q Rxb8 41.Rxb8 Bc4 42.Rb7+
Ke6 43.Ke1 Bxe2 44.Kxe2 Rxh2+ 45.Kf3 Rh3+ 46.Ke4 g5 47.Rb8 f5+ 48.Kd4 Rh4+
49.Kd3 g4 50.Rg8 Kf7 51.Rg5 Kf6 52.Rg8 Rh7 53.Rd8 Ke6 54.Rg8 Ra7 55.Kd4 Ra4+
56.Kd3 Re4 57.Rg6+ Ke5 58.Rg8 d5 59.Re8+ Kf6 60.Rg8 Ra4 61.Rf8+ Kg5 62.Rg8+
Kh4 63.Ke2 Kg3 64.Rg5 Ra2+ 65.Ke1 Rf2 66.Rh5 Kg2 67.Rg5 g3 68.Rh5 f4 69.Rxd5
f3 70.e4 Re2+ 71.Kd1 Rxe4 72.Rd2+ f2 73.Kc2 Kf3 74.Rd3+ Re3 {#R} 0-1

[Event "It (open)"]
[Site "masterchessopen.com Graz (Austria)"]
[Date "2012.08.27"]
[Round "3"]
[White "Fahrner Kurt (AUT)"]
[Black "Tratar Marko (SLO)"]
[Result "1-0"]
[WhiteElo "2346"]
[BlackElo "2495"]

1.d4 Nf6 2.c4 e6 3.Nc3 Bb4 4.Qc2 d6 5.a3 Bxc3+ 6.Qxc3 b6 7.Nf3 Bb7 8.g3 Nbd7
9.Bg2 O-O 10.O-O Qe7 11.b4 Rac8 12.Bb2 c5 13.dxc5 bxc5 14.b5 d5 15.a4 d4
16.Qa5 Nb6 17.Rfc1 Qc7 18.Nxd4 Bxg2 19.Kxg2 cxd4 20.c5 Nbd7 21.Qxc7 Rxc7 22.c6
e5 23.Ba3 Ra8 24.Bd6 Rcc8 25.a5 e4 26.cxd7 Nxd7 27.Rc7 Rxc7 28.Bxc7 a6 29.Rd1
axb5 30.Rxd4 Nc5 31.Bb6 Nb3 32.Rd5 b4 33.a6 {#r} 1-0

[Event "Ch Germany (juniors) (Internet) (under 25) (final)"]
[Site "masterchessopen.com Internet"]
[Date "2012.09.15"]
[Round "6"]
[White "Rempeli Alex (GER)"]
[Black "Kim Oi-Sin (GER)"]
[Result "1-0"]
[WhiteElo "1982"]
[BlackElo "2080"]

1.d4 Nf6 2.c4 e6 3.Nc3 Bb4 4.Qc2 d6 5.Nf3 O-O 6.Bd2 Nbd7 7.e3 Qe7 8.Bd3 e5
9.dxe5 dxe5 10.Ne4 Nxe4 11.Bxe4 Nf6 12.O-O Bxd2 13.Nxd2 Nxe4 14.Qxe4 f5
15.Qd5+ Qe6 16.Nf3 e4 17.Nd4 Qf7 18.Rfd1 c6 19.Qxf7+ Kxf7 20.c5 Rd8 21.h4 Be6
22.a4 Rd5 23.b4 a5 24.Rab1 Bc8 25.Rdc1 axb4 26.Rxb4 Kg6 27.Rcc4 h6 28.Ne2 Kf6
29.g4 Rd2 30.Ng3 Rd1+ 31.Kg2 fxg4 32.Nxe4+ Kg6 33.Nd6 Be6 34.Rxg4+ Bxg4
35.Rxg4+ Kh7 36.Nxb7 Ra1 37.a5 Rb1 38.a6 Rxa6 39.Nd8 Rb8 40.Ne6 Rg8 41.Rd4 Re8
42.Nc7 Rea8 43.Rd6 R8a7 44.Nxa6 Rxa6 45.Kf3 Kg8 46.Ke4 Kf7 47.f4 Ke7 48.Kf5
Ra5 49.Rxc6 Kd7 50.Rd6+ Ke7 51.Rd5 Kf7 52.e4 Ra1 53.Rd7+ Kf8 54.c6 Rc1 55.c7
Ke8 56.Rd8+ Kf7 57.c8=Q g6+ 58.Kg4 Rg1+ 59.Kf3 Rf1+ 60.Ke3 Re1+ 61.Kd4 Rd1+
62.Ke5 Rh1 63.Rf8+ Kg7 64.Rg8+ Kh7 65.Rh8+ {#r} 1-0

[Event "Cup Russia (open)"]
[Site "masterchessopen.com Vladivostok (Russia)"]
[Date "2012.09.18"]
[Round "2"]
[White "Smirnov Pavel (RUS)"]
[Black "Balashov Yuri S (RUS)"]
[Result "0-1"]
[WhiteElo "2605"]
[BlackElo "2455"]

1.d4 Nf6 2.c4 e6 3.Nc3 Bb4 4.Qc2 d6 5.Bg5 h6 6.Bh4 Nbd7 7.e3 e5 8.Bd3 Qe7
9.Ne2 g5 10.dxe5 dxe5 11.Ng3 Bxc3+ 12.Qxc3 Nc5 13.Bxg5 hxg5 14.O-O-O Nxd3+
15.Rxd3 Bd7 16.Rhd1 O-O-O 17.Qa5 a6 {#R} 0-1